[Event "NAYCC U08 w"]
[Site "Windsor CAN"]
[Date "2016.08.08"]
[Round "2.178"]
[White "Hua, Michelle"]
[Black "Yu, Sophia"]
[Result "1/2-1/2"]
[WhiteElo "1039"]
[BlackElo "723"]
[PlyCount "104"]
[EventDate "2016.08.07"]
[EventType "swiss"]
[EventRounds "9"]
[EventCountry "CAN"]

1. e4 c5 2. d4 cxd4 3. c3 dxc3 4. Nxc3 Nc6 5. Nf3 d6 6. Bc4 Bg4 7. h3 Bh5 8.
Qd5 Nf6 9. Qd1 e6 10. Bg5 Ne5 11. Be2 Nxf3+ 12. Bxf3 Bxf3 13. Qxf3 Be7 14. O-O
O-O 15. Rfd1 Qb6 16. Qe2 Rad8 17. Rab1 Qa6 18. Qxa6 bxa6 19. f4 h6 20. Bh4 e5
21. fxe5 dxe5 22. Bf2 Rxd1+ 23. Rxd1 Rd8 24. Rxd8+ Bxd8 25. Bxa7 Ba5 26. Bb8
Bxc3 27. bxc3 Nxe4 28. Bxe5 f6 29. Bd4 Kf7 30. Kf1 Ke6 31. Ke2 Kd5 32. Kd3 Nd6
33. a4 Nc4 34. Kc2 a5 35. g3 Na3+ 36. Kd3 Nc4 37. Kc2 Na3+ 38. Kb3 Nc4 39. h4
Nd2+ 40. Kc2 Nc4 41. g4 Na3+ 42. Kc1 Nc4 43. g5 hxg5 44. hxg5 fxg5 45. Bxg7 g4
46. Bd4 g3 47. Kd1 Ke4 48. Ke2 Nb2 49. Bb6 Nc4 50. Bd4 g2 51. Kf2 Kd3 52. Kxg2
Nb2 1/2-1/2

[Event "NAYCC U08 w"]
[Site "Windsor CAN"]
[Date "2016.08.08"]
[Round "2.179"]
[White "Qu, Greta"]
[Black "Kaur, Jind"]
[Result "1-0"]
[WhiteElo "773"]
[BlackElo "787"]
[PlyCount "97"]
[EventDate "2016.08.07"]
[EventType "swiss"]
[EventRounds "9"]
[EventCountry "CAN"]

1. e4 e5 2. Nf3 Nc6 3. Bc4 Bc5 4. c3 d6 5. d4 Bb6 6. O-O Nf6 7. Re1 Bg4 8. Bb5
O-O 9. Bxc6 bxc6 10. dxe5 dxe5 11. Qe2 Qd7 12. Nxe5 Qe6 13. Nxg4 Nxg4 14. Rf1
Qe5 15. Qxg4 Qf6 16. Bg5 Qg6 17. h3 Qd6 18. Rd1 Qc5 19. Be3 Qe7 20. Rd7 Qf6 21.
Bxb6 cxb6 22. Na3 b5 23. Rad1 Rfe8 24. R1d6 Re6 25. Rxe6 fxe6 26. Rd6 Rf8 27.
Qxe6+ Qxe6 28. Rxe6 h6 29. Rxc6 Rd8 30. Nxb5 Rd1+ 31. Kh2 Rd2 32. Nxa7 Rxb2 33.
f4 Rxa2 34. Nb5 g5 35. f5 h5 36. Rg6+ Kh7 37. Rxg5 Kh6 38. Rg3 Ra5 39. Nd4 Ra3
40. f6 Ra8 41. Ne6 Kh7 42. f7 h4 43. Rg4 Kh6 44. f8=Q+ Rxf8 45. Nxf8 Kh5 46.
Kg1 Kh6 47. Kf2 Kh5 48. Kf3 Kh6 49. Kf4 1-0

[Event "NAYCC U08 w"]
[Site "Windsor CAN"]
[Date "2016.08.08"]
[Round "3.175"]
[White "Nguyen, Chance"]
[Black "Velea, Sophie"]
[Result "0-1"]
[WhiteElo "1232"]
[BlackElo "1276"]
[PlyCount "128"]
[EventDate "2016.08.07"]
[EventType "swiss"]
[EventRounds "9"]
[EventCountry "CAN"]

1. e4 c5 2. Nf3 d6 3. d4 cxd4 4. Nxd4 Nf6 5. Nc3 g6 6. Be3 Bg7 7. Bd3 O-O 8. h3
Nc6 9. O-O Nxd4 10. Bxd4 Be6 11. Qd2 a6 12. Rad1 Rc8 13. a3 Qc7 14. Rfe1 Nd7
15. Bxg7 Kxg7 16. Nd5 Bxd5 17. exd5 Ne5 18. c4 Rfe8 19. Qc3 Kg8 20. b3 b5 21.
Rc1 bxc4 22. Bxc4 Nxc4 23. Qxc4 Qxc4 24. bxc4 Kf8 25. Re3 Rb8 26. c5 dxc5 27.
Rxc5 Rec8 28. Rc6 Rxc6 29. dxc6 Rc8 30. Rc3 e6 31. c7 Ke7 32. Rc6 a5 33. Rc5
Kd7 34. Rxa5 Rxc7 35. Ra8 Rc8 36. Rxc8 Kxc8 37. f4 Kb7 38. Kf2 Ka6 39. Ke3 Ka5
40. Ke4 f6 41. g4 Ka4 42. f5 exf5+ 43. gxf5 g5 44. Kf3 Kxa3 45. Kg4 Kb4 46. Kf3
Kc5 47. Kg3 Kd4 48. h4 gxh4+ 49. Kxh4 Ke5 50. Kg3 Kxf5 51. Kf3 Ke5 52. Ke3 f5
53. Kf3 f4 54. Kf2 Ke4 55. Ke2 f3+ 56. Kf2 Kf4 57. Kf1 Ke3 58. Ke1 f2+ 59. Kf1
h6 60. Kg2 Ke2 61. Kh3 f1=Q+ 62. Kh4 Qg1 63. Kh3 Kf3 64. Kh4 Qg4# 0-1

[Event "NAYCC U08 w"]
[Site "Windsor CAN"]
[Date "2016.08.08"]
[Round "3.176"]
[White "Rajaram, Anika"]
[Black "Qu, Greta"]
[Result "1-0"]
[WhiteElo "1420"]
[BlackElo "773"]
[PlyCount "77"]
[EventDate "2016.08.07"]
[EventType "swiss"]
[EventRounds "9"]
[EventCountry "CAN"]

1. c4 e6 2. g3 d5 3. Bg2 Nf6 4. Nf3 Be7 5. O-O O-O 6. cxd5 exd5 7. d4 c5 8. Nc3
Nc6 9. e3 Be6 10. Bd2 Qb6 11. dxc5 Qxc5 12. Rc1 d4 13. exd4 Nxd4 14. Nxd4 Qxd4
15. Be3 Qb4 16. Qc2 Qa5 17. Rfe1 Bxa2 18. Ra1 Rac8 19. Qe2 Bc4 20. Rxa5 Bxe2
21. Rxe2 Bb4 22. Ra4 Bxc3 23. bxc3 Rxc3 24. Bxb7 Rd8 25. Rxa7 Rb3 26. Rd2 Rb8
27. Bf4 Rf8 28. Bd5 Rb1+ 29. Kg2 Rb5 30. Bf3 h6 31. Ra8 Rxa8 32. Bxa8 Ra5 33.
Bf3 g5 34. Be3 g4 35. Be2 h5 36. Rd8+ Kg7 37. Bd4 Kg6 38. Bd3+ Kg5 39. Be3# 1-0

[Event "NAYCC U08 w"]
[Site "Windsor CAN"]
[Date "2016.08.08"]
[Round "3.177"]
[White "McNutt, Kaitlynn"]
[Black "Wen, Kally"]
[Result "1-0"]
[WhiteElo "1060"]
[BlackElo "1090"]
[PlyCount "107"]
[EventDate "2016.08.07"]
[EventType "swiss"]
[EventRounds "9"]
[EventCountry "CAN"]

1. d4 Nf6 2. Bf4 g6 3. e3 Bg7 4. Nf3 O-O 5. Bd3 d5 6. h3 Nc6 7. c3 Be6 8. Qc2
Qd7 9. Nbd2 Nh5 10. Bh2 Rad8 11. O-O-O Na5 12. Ne5 Bxe5 13. dxe5 Nc4 14. Nxc4
dxc4 15. Bxg6 Qc6 16. Bxh5 Rxd1+ 17. Qxd1 Bf5 18. Qf3 Be4 19. Qg3+ Kh8 20. Bf3
Rg8 21. Bxe4 Qxe4 22. Qf3 Qxf3 23. gxf3 f6 24. exf6 exf6 25. Bxc7 Kg7 26. Rg1+
Kf7 27. Rxg8 Kxg8 28. Kd2 Kf7 29. Ke1 Ke6 30. e4 f5 31. exf5+ Kxf5 32. Kf1 Kg5
33. Kg2 Kh4 34. b3 b5 35. b4 a6 36. a3 Kg5 37. f4+ Kf5 38. Kg3 h5 39. h4 Kg6
40. Kf3 Kf5 41. Ke3 Ke6 42. Ke4 Kf6 43. f5 Kf7 44. Ke5 Ke7 45. Bd6+ Kf7 46. f6
a5 47. bxa5 b4 48. axb4 Ke8 49. a6 Kf7 50. a7 Ke8 51. a8=Q+ Kd7 52. Qa7+ Kd8
53. Qc7+ Ke8 54. Qe7# 1-0

[Event "NAYCC U08 w"]
[Site "Windsor CAN"]
[Date "2016.08.08"]
[Round "3.178"]
[White "Ai, Amy"]
[Black "Hua, Michelle"]
[Result "0-1"]
[WhiteElo "605"]
[BlackElo "1039"]
[PlyCount "74"]
[EventDate "2016.08.07"]
[EventType "swiss"]
[EventRounds "9"]
[EventCountry "CAN"]

1. e4 d5 2. exd5 Qxd5 3. Nc3 Qa5 4. Nf3 Bg4 5. Be2 Nc6 6. h3 Bh5 7. d4 O-O-O 8.
O-O Nf6 9. Bd2 Bxf3 10. Bxf3 Nxd4 11. Ne4 Qe5 12. Bc3 Nxe4 13. Bxe4 Qxe4 14.
Rc1 Nb3 15. axb3 Rxd1 16. Rfxd1 e6 17. Rd4 Qc6 18. Rc4 Qd5 19. Rd4 Qf5 20. Rcd1
Bc5 21. R4d2 e5 22. Re1 e4 23. Bxg7 Re8 24. Bh6 Qf6 25. Be3 Bxe3 26. Rxe3 Qxb2
27. f3 f5 28. g4 Qg7 29. Rde2 Qg6 30. Kf1 fxg4 31. hxg4 Qf6 32. Rf2 Qg5 33.
Rfe2 Qf4 34. Kg2 exf3+ 35. Rxf3 Rxe2+ 36. Kg1 Qxf3 37. b4 Qg2# 0-1

[Event "NAYCC U08 w"]
[Site "Windsor CAN"]
[Date "2016.08.08"]
[Round "3.179"]
[White "Yu, Sophia"]
[Black "Pradhan, Ananya"]
[Result "1-0"]
[WhiteElo "723"]
[BlackElo "477"]
[PlyCount "33"]
[EventDate "2016.08.07"]
[EventType "swiss"]
[EventRounds "9"]
[EventCountry "CAN"]

1. e4 e5 2. Nf3 Nc6 3. Bc4 Nf6 4. Ng5 Bc5 5. Nxf7 Qe7 6. Nxh8 Nxe4 7. O-O Bxf2+
8. Rxf2 Nxf2 9. Kxf2 Qf8+ 10. Bf7+ Kd8 11. Kg1 Qxh8 12. d3 Qf8 13. Bh5 g6 14.
Qf3 Qc5+ 15. Be3 Qb4 16. c3 Qxb2 17. Qf8# 1-0

[Event "NAYCC U08 w"]
[Site "Windsor CAN"]
[Date "2016.08.09"]
[Round "4.176"]
[White "Velea, Sophie"]
[Black "Rajaram, Anika"]
[Result "1-0"]
[WhiteElo "1276"]
[BlackElo "1420"]
[PlyCount "139"]
[EventDate "2016.08.07"]
[EventType "swiss"]
[EventRounds "9"]
[EventCountry "CAN"]

1. e4 e6 2. Nf3 d5 3. exd5 exd5 4. d4 Nc6 5. Nc3 Bd6 6. Be3 Nf6 7. Be2 O-O 8.
O-O Bf5 9. Bg5 Be7 10. Bd3 Be6 11. Re1 h6 12. Bh4 Bg4 13. Be2 Re8 14. h3 Bf5
15. Bd3 Be6 16. Bb5 a6 17. Bxc6 bxc6 18. Ne5 Bd7 19. Qd2 g5 20. Bg3 Nh5 21. Bh2
Bd6 22. Nxd7 Bxh2+ 23. Kxh2 Qxd7 24. Kg1 Nf4 25. Ne2 Nxe2+ 26. Rxe2 Rxe2 27.
Qxe2 Qe6 28. Qxe6 fxe6 29. Re1 Kf7 30. Kf1 Kf6 31. Ke2 Rb8 32. b3 Rb4 33. c3
Rb5 34. Kf3 Rb8 35. g4 Rf8 36. Kg3 Re8 37. Re5 Ke7 38. Re1 Kf6 39. Re5 Ke7 40.
Re3 Kd6 41. Rf3 Ke7 42. h4 Rf8 43. Rxf8 Kxf8 44. hxg5 hxg5 45. f4 gxf4+ 46.
Kxf4 Kf7 47. g5 Ke7 48. Ke5 Kf7 49. g6+ Kxg6 50. Kxe6 Kg5 51. Kd7 Kf4 52. Kxc7
Ke3 53. Kxc6 Kd3 54. Kxd5 Kxc3 55. Kc5 Kb2 56. Kb6 Kxa2 57. Kxa6 Kxb3 58. d5
Kc4 59. d6 Kd5 60. d7 Ke6 61. d8=Q Kf7 62. Qd6 Kg7 63. Kb5 Kf7 64. Kc5 Kg7 65.
Kd5 Kf7 66. Ke5 Kg7 67. Qf6+ Kh7 68. Qg5 Kh8 69. Kf6 Kh7 70. Qg7# 1-0

[Event "NAYCC U08 w"]
[Site "Windsor CAN"]
[Date "2016.08.09"]
[Round "4.177"]
[White "Hua, Michelle"]
[Black "Nguyen, Chance"]
[Result "0-1"]
[WhiteElo "1039"]
[BlackElo "1232"]
[PlyCount "90"]
[EventDate "2016.08.07"]
[EventType "swiss"]
[EventRounds "9"]
[EventCountry "CAN"]

1. e4 e6 2. d4 d5 3. e5 c5 4. c3 Nc6 5. Be3 Qb6 6. Qd2 cxd4 7. cxd4 h6 8. a3
Na5 9. Qc2 Nb3 10. Ra2 Nxd4 11. Qc3 Qb3 12. Qxb3 Nxb3 13. Nd2 Nxd2 14. Kxd2 Bd7
15. Nf3 Ne7 16. Be2 Nf5 17. Rc1 Nxe3 18. fxe3 Rc8 19. Raa1 Be7 20. Bb5 Rxc1 21.
Rxc1 Bxb5 22. Nd4 Bc6 23. Nxc6 bxc6 24. Rxc6 Kd7 25. Rc2 Rc8 26. Rxc8 Kxc8 27.
Kd3 Kc7 28. e4 Kc6 29. exd5+ Kxd5 30. Kc3 a5 31. Kb3 Kxe5 32. Kc2 Kd4 33. Kd2
g5 34. g4 f5 35. h3 fxg4 36. hxg4 e5 37. a4 Bb4+ 38. Ke2 Ke4 39. b3 Kf4 40. Kf2
e4 41. Ke2 e3 42. Kf1 Kf3 43. Kg1 e2 44. Kh2 e1=R 45. Kh3 Rh1# 0-1

[Event "NAYCC U08 w"]
[Site "Windsor CAN"]
[Date "2016.08.09"]
[Round "4.179"]
[White "Kaur, Jind"]
[Black "Ai, Amy"]
[Result "1-0"]
[WhiteElo "787"]
[BlackElo "605"]
[PlyCount "151"]
[EventDate "2016.08.07"]
[EventType "swiss"]
[EventRounds "9"]
[EventCountry "CAN"]

1. e4 e5 2. Nf3 Nc6 3. Bc4 Bc5 4. Nc3 d6 5. d3 Nge7 6. Bg5 f6 7. Bd2 Bg4 8. h3
Bh5 9. g4 Bf7 10. Bxf7+ Kxf7 11. Qe2 Re8 12. O-O-O Kg8 13. Be3 Bxe3+ 14. fxe3
d5 15. d4 dxe4 16. Nxe4 exd4 17. exd4 Ng6 18. Qc4+ Kh8 19. Nc3 Qd6 20. Nb5 Qb4
21. Qxb4 Nxb4 22. Nxc7 Nxa2+ 23. Kb1 Nb4 24. Nxa8 Rxa8 25. d5 Rd8 26. d6 Kg8
27. Rhe1 Kf7 28. h4 Nc6 29. c4 Nf4 30. c5 Ng2 31. Re2 Nf4 32. Re4 Nh3 33. Rd5
Nf2 34. Rf4 Ke6 35. Rd2 Nh3 36. Re4+ Kf7 37. b4 a6 38. Rb2 b5 39. Nd4 Nxd4 40.
Rxd4 Ke6 41. Re2+ Kd7 42. Re7+ Kc6 43. d7 g5 44. Re8 Rxd7 45. Rxd7 Kxd7 46. Ra8
gxh4 47. Rxa6 Nf2 48. c6+ Kc7 49. Ra7+ Kxc6 50. Rxh7 h3 51. Rh6 Kd5 52. Kc2 Kc4
53. Rxf6 Nxg4 54. Rf4+ Kd5 55. Rxg4 Kc6 56. Rh4 Kb6 57. Rxh3 Kb7 58. Rh5 Ka6
59. Kb3 Kb6 60. Kc3 Kc6 61. Kd4 Kb6 62. Kd5 Kb7 63. Rh6 Kc7 64. Kc5 Kd7 65.
Kxb5 Kc7 66. Ka5 Kb7 67. b5 Kb8 68. b6 Kb7 69. Kb4 Ka6 70. Kc5 Kb7 71. Rh7+ Ka6
72. b7 Ka7 73. Kc6 Kb8 74. Rh8+ Ka7 75. b8=Q+ Ka6 76. Qa8# 1-0

[Event "NAYCC U08 w"]
[Site "Windsor CAN"]
[Date "2016.08.09"]
[Round "5.176"]
[White "Hua, Michelle"]
[Black "Velea, Sophie"]
[Result "1/2-1/2"]
[WhiteElo "1039"]
[BlackElo "1276"]
[PlyCount "154"]
[EventDate "2016.08.07"]
[EventType "swiss"]
[EventRounds "9"]
[EventCountry "CAN"]

1. e4 c5 2. d4 cxd4 3. c3 dxc3 4. Nxc3 d6 5. Bc4 Nf6 6. Nf3 Bg4 7. e5 Bxf3 8.
gxf3 Ng8 9. Be3 e6 10. exd6 Qxd6 11. Qxd6 Bxd6 12. O-O-O Be7 13. Rhg1 g6 14.
Nb5 Bd8 15. Bd4 f6 16. Bxe6 Na6 17. Rge1 Kf8 18. Nxa7 Nh6 19. Bd5 Rb8 20. Re6
Nc7 21. Rd6 Nf5 22. Bxf6 Nxd6 23. Bxh8 Nf7 24. Bxf7 Kxf7 25. Be5 Ra8 26. Bxc7
Bxc7 27. Rd7+ Kg8 28. Rxc7 Rxa7 29. Kc2 Rxa2 30. Rxb7 Ra1 31. b4 Rf1 32. Kd3
Rxf2 33. Ke3 Rxh2 34. b5 Rb2 35. Kd3 Rb3+ 36. Kc4 Rxf3 37. b6 Rf1 38. Rb8+ Kg7
39. b7 Rc1+ 40. Kb5 Rb1+ 41. Kc6 Rc1+ 42. Kd7 Rd1+ 43. Kc7 Rc1+ 44. Kd6 Rd1+
45. Ke7 Re1+ 46. Kd6 Rd1+ 47. Kc5 Rc1+ 48. Kd4 Rd1+ 49. Kc3 Rb1 50. Kc2 Rb6 51.
Kd3 Rb1 52. Kc4 Rb6 53. Kc5 Rb1 54. Kc4 Rb6 55. Kc5 Rb1 56. Kc6 Rc1+ 57. Kd5
Rd1+ 58. Ke4 Rb1 59. Kd3 Rb6 60. Kd4 Rb1 61. Kd5 Rd1+ 62. Ke6 Re1+ 63. Kd7 Rd1+
64. Kc8 Rc1+ 65. Kd7 Rd1+ 66. Ke6 Re1+ 67. Kd5 Rd1+ 68. Kc5 Rb1 69. Kc4 Rb6 70.
Kd3 Rb1 71. Kd4 Rb6 72. Kc5 Rb1 73. Kd4 Rb6 74. Kc3 Rb1 75. Kd4 Rd1+ 76. Kc3
Rb1 77. Kc4 Rb6 1/2-1/2

[Event "NAYCC U08 w"]
[Site "Windsor CAN"]
[Date "2016.08.09"]
[Round "5.177"]
[White "Nguyen, Chance"]
[Black "McNutt, Kaitlynn"]
[Result "1-0"]
[WhiteElo "1232"]
[BlackElo "1060"]
[PlyCount "161"]
[EventDate "2016.08.07"]
[EventType "swiss"]
[EventRounds "9"]
[EventCountry "CAN"]

1. e4 e6 2. d4 d5 3. Nd2 Nf6 4. e5 Nfd7 5. Ne2 c5 6. c3 Nc6 7. Nf3 Qb6 8. b3
cxd4 9. cxd4 Bb4+ 10. Bd2 Qa5 11. a3 Bxd2+ 12. Qxd2 Qxd2+ 13. Nxd2 f6 14. exf6
Nxf6 15. Nf3 O-O 16. g3 Re8 17. b4 e5 18. dxe5 Nxe5 19. Nxe5 Rxe5 20. f3 Bd7
21. Kf2 Bb5 22. Nf4 Bxf1 23. Rhxf1 d4 24. Rad1 Rc8 25. Rfe1 Rc2+ 26. Kf1 Rxe1+
27. Kxe1 Rxh2 28. Rxd4 Kf7 29. Rc4 Ne8 30. Rd4 Nf6 31. Rc4 Ne8 32. a4 b6 33.
Rd4 Nf6 34. g4 g5 35. Nd5 Ra2 36. Nc3 Ra1+ 37. Ke2 a5 38. bxa5 bxa5 39. Rc4 Ne8
40. Rc5 Ra3 41. Kd2 Kg7 42. Rxg5+ Kf6 43. Rxa5 Kg6 44. f4 Rb3 45. Ra6+ Kg7 46.
Ra7+ Kf8 47. Rxh7 Ra3 48. f5 Nf6 49. Rh4 Ke7 50. g5 Ng8 51. Rh7+ Kf8 52. g6 Rb3
53. Rf7+ Ke8 54. f6 Rb2+ 55. Ke1 Rg2 56. Ra7 Rxg6 57. f7+ Kf8 58. fxg8=Q+ Kxg8
59. a5 Re6+ 60. Ne2 Rc6 61. Ra8+ Kg7 62. a6 Kf6 63. a7 Ke7 64. Rb8 Ra6 65. a8=Q
Rxa8 66. Rxa8 Kd6 67. Rc8 Ke5 68. Rc4 Kd5 69. Rd4+ Kc5 70. Kd2 Kc6 71. Kc3 Kb5
72. Rd5+ Kb6 73. Kc4 Kc6 74. Nd4+ Kc7 75. Kc5 Kb7 76. Rd6 Kc7 77. Ne6+ Kc8 78.
Kc6 Kb8 79. Rd7 Ka8 80. Kb6 Kb8 81. Rd8# 1-0

[Event "NAYCC U08 w"]
[Site "Windsor CAN"]
[Date "2016.08.09"]
[Round "5.178"]
[White "Rajaram, Anika"]
[Black "Kaur, Jind"]
[Result "1-0"]
[WhiteElo "1420"]
[BlackElo "1787"]
[PlyCount "35"]
[EventDate "2016.08.07"]
[EventType "swiss"]
[EventRounds "9"]
[EventCountry "CAN"]

1. c4 e5 2. g3 Nf6 3. Bg2 Nc6 4. Nc3 Bc5 5. e3 O-O 6. Nge2 d6 7. O-O Bf5 8. d4
exd4 9. exd4 Nxd4 10. Nxd4 Bxd4 11. Qxd4 c5 12. Qd1 Rb8 13. Bg5 Qb6 14. Bxf6
gxf6 15. Nd5 Qxb2 16. Ne7+ Kg7 17. Nxf5+ Kg6 18. Qg4# 1-0

[Event "NAYCC U08 w"]
[Site "Windsor CAN"]
[Date "2016.08.09"]
[Round "5.179"]
[White "Wen, Kally"]
[Black "Qu, Greta"]
[Result "0-1"]
[WhiteElo "1080"]
[BlackElo "773"]
[PlyCount "52"]
[EventDate "2016.08.07"]
[EventType "swiss"]
[EventRounds "9"]
[EventCountry "CAN"]

1. e4 c5 2. Nf3 Nc6 3. d4 cxd4 4. Nxd4 Nf6 5. Nc3 e5 6. Nb3 Bb4 7. Bd2 O-O 8.
Be2 Bxc3 9. Bxc3 Nxe4 10. O-O Nxc3 11. bxc3 d5 12. c4 dxc4 13. Bxc4 Qh4 14. Be2
Rd8 15. Qe1 Rd6 16. Bf3 Rh6 17. h3 Bxh3 18. g3 Qg5 19. Bg2 Be6 20. Bf3 Qf5 21.
Qe2 Qh3 22. Bh5 Rxh5 23. Qxh5 Qxh5 24. Rad1 Nb4 25. Rd2 Bd5 26. Rfd1 Qh1# 0-1

[Event "NAYCC U08 w"]
[Site "Windsor CAN"]
[Date "2016.08.09"]
[Round "5.180"]
[White "Pradhan, Ananya"]
[Black "Ai, Amy"]
[Result "0-1"]
[WhiteElo "477"]
[BlackElo "605"]
[PlyCount "88"]
[EventDate "2016.08.07"]
[EventType "swiss"]
[EventRounds "9"]
[EventCountry "CAN"]

1. e4 e5 2. Nf3 Nc6 3. Bc4 Bc5 4. Ng5 Qxg5 5. O-O Nf6 6. Nc3 d6 7. d3 Qg6 8.
Nb5 O-O 9. Bd2 Bh3 10. Qf3 Bg4 11. Qg3 Be2 12. Qxg6 hxg6 13. Rfe1 Bg4 14. h3
Bd7 15. Nxc7 Rac8 16. Nd5 Nxd5 17. exd5 Nd4 18. Rac1 b5 19. Bb3 Nxb3 20. axb3
Bd4 21. Ra1 Rxc2 22. Red1 Rxb2 23. Rxa7 Bxa7 24. Kh2 Bxf2 25. Bg5 f6 26. Bc1
Rxb3 27. Rd2 Be3 28. Rd1 Bxc1 29. Rxc1 Rxd3 30. Rc7 Rf7 31. Rb7 Bxh3 32. Rxf7
Kxf7 33. gxh3 b4 34. h4 Rxd5 35. h5 b3 36. h6 gxh6 37. Kg3 b2 38. Kf3 b1=Q 39.
Ke3 Qd3+ 40. Kf2 Qd2+ 41. Kf3 Qf4+ 42. Ke2 Qd2+ 43. Kf3 Rd3+ 44. Ke4 d5# 0-1

[Event "NAYCC U08 w"]
[Site "Windsor CAN"]
[Date "2016.08.10"]
[Round "6.176"]
[White "Velea, Sophie"]
[Black "Yu, Sophia"]
[Result "1/2-1/2"]
[WhiteElo "1276"]
[BlackElo "723"]
[PlyCount "55"]
[EventDate "2016.08.07"]
[EventType "swiss"]
[EventRounds "9"]
[EventCountry "CAN"]

1. e4 c5 2. Nf3 Nc6 3. Bb5 e6 4. O-O Bd6 5. Re1 Qc7 6. Bxc6 Qxc6 7. e5 Bc7 8.
Nc3 b6 9. d4 Bb7 10. dxc5 bxc5 11. Bf4 h5 12. h3 f6 13. Bh2 fxe5 14. Bxe5 Rh6
15. Bxc7 Qxc7 16. Ne4 Rg6 17. Nd6+ Kd8 18. Nxb7+ Qxb7 19. b3 Ne7 20. Kh1 Nf5
21. Rg1 Ke7 22. Qd2 Rf8 23. Rad1 d6 24. Qe2 Rff6 25. c4 Rg3 26. Kh2 Rgg6 27.
Kh1 Rg3 28. Kh2 1/2-1/2

[Event "NAYCC U08 w"]
[Site "Windsor CAN"]
[Date "2016.08.10"]
[Round "6.177"]
[White "Rajaram, Anika"]
[Black "Nguyen, Chance"]
[Result "0-1"]
[WhiteElo "1420"]
[BlackElo "1232"]
[PlyCount "132"]
[EventDate "2016.08.07"]
[EventType "swiss"]
[EventRounds "9"]
[EventCountry "CAN"]

1. c4 c5 2. g3 Nc6 3. Bg2 Nf6 4. Nc3 b6 5. a3 Bb7 6. b4 e6 7. bxc5 Bxc5 8. e3
e5 9. Nge2 Rb8 10. O-O O-O 11. Bb2 Na5 12. d3 Bxg2 13. Kxg2 d5 14. cxd5 Nxd5
15. e4 Nxc3 16. Nxc3 Bd4 17. Rb1 Rc8 18. Nd5 Re8 19. Bxd4 exd4 20. Qa4 Nc6 21.
Rfc1 Qd6 22. Nb4 Nxb4 23. Qxb4 Qxb4 24. axb4 Rxc1 25. Rxc1 a5 26. bxa5 bxa5 27.
Ra1 Ra8 28. Kf3 f6 29. Kf4 a4 30. Kf5 Kf7 31. Kf4 Ke6 32. Kf3 f5 33. exf5+ Kxf5
34. g4+ Ke5 35. Kg3 g5 36. Kf3 a3 37. Ke2 Kf4 38. f3 a2 39. Kf2 Ra3 40. Ke2 h6
41. Kf2 Rxd3 42. Rxa2 Rxf3+ 43. Kg2 Kxg4 44. Ra4 Rf4 45. h3+ Kh4 46. Ra6 h5 47.
Ra3 g4 48. Rg3 Rf3 49. Rxf3 gxf3+ 50. Kxf3 Kxh3 51. Ke4 h4 52. Kxd4 Kg2 53. Ke3
h3 54. Ke2 h2 55. Ke3 h1=Q 56. Ke2 Qh3 57. Kd2 Qf3 58. Kc2 Qe3 59. Kb2 Qd3 60.
Ka1 Kf2 61. Kb2 Ke2 62. Ka1 Qb5 63. Ka2 Qb4 64. Ka1 Kd2 65. Ka2 Kc2 66. Ka1
Qa3# 0-1

[Event "NAYCC U08 w"]
[Site "Windsor CAN"]
[Date "2016.08.10"]
[Round "6.178"]
[White "McNutt, Kaitlynn"]
[Black "Qu, Greta"]
[Result "0-1"]
[WhiteElo "1060"]
[BlackElo "773"]
[PlyCount "136"]
[EventDate "2016.08.07"]
[EventType "swiss"]
[EventRounds "9"]
[EventCountry "CAN"]

1. d4 d5 2. Bf4 c5 3. c3 cxd4 4. cxd4 Bf5 5. e3 e6 6. h3 Nf6 7. Nf3 Bb4+ 8.
Nbd2 O-O 9. a3 Bd6 10. Be2 Bxf4 11. exf4 Qc7 12. Nh4 Qxf4 13. Nxf5 Qxf5 14. O-O
Nc6 15. Nf3 Rac8 16. Qd3 Ne4 17. Nd2 Nxd2 18. Qxd2 Qe4 19. Rad1 a6 20. Rfe1 Qg6
21. Bd3 Qf6 22. Bc2 Nxd4 23. Bxh7+ Kxh7 24. Qxd4 Qxd4 25. Rxd4 Rc2 26. Rh4+ Kg6
27. Rg4+ Kf6 28. Re3 Rxb2 29. Rf3+ Ke7 30. Rxg7 d4 31. Rd3 e5 32. Rg5 f6 33.
Rg7+ Rf7 34. Rg4 Kf8 35. Rdg3 Rc2 36. Rg8+ Ke7 37. R3g7 Rxg7 38. Rxg7+ Kd6 39.
Rg3 Rc3 40. Kf1 Rxg3 41. fxg3 d3 42. Ke1 b5 43. h4 Ke7 44. g4 Kf7 45. Kd2 e4
46. h5 Kg7 47. Ke3 a5 48. Kd2 b4 49. axb4 axb4 50. g3 b3 51. Kc3 e3 52. Kxd3 b2
53. Kc2 e2 54. Kd2 b1=Q 55. Kxe2 Qg1 56. Kf3 Qf1+ 57. Ke3 Kh6 58. g5+ fxg5 59.
g4 Qg2 60. Kd4 Qxg4+ 61. Ke3 Kxh5 62. Kf2 Qe4 63. Kg3 Qf4+ 64. Kh3 Qg4+ 65. Kh2
Kh4 66. Kh1 Qe2 67. Kg1 Kg3 68. Kh1 Qh2# 0-1

[Event "NAYCC U08 w"]
[Site "Windsor CAN"]
[Date "2016.08.10"]
[Round "6.179"]
[White "Kaur, Jind"]
[Black "Pradhan, Ananya"]
[Result "0-1"]
[WhiteElo "787"]
[BlackElo "477"]
[PlyCount "38"]
[EventDate "2016.08.07"]
[EventType "swiss"]
[EventRounds "9"]
[EventCountry "CAN"]

1. e4 e5 2. Nf3 Nc6 3. Bc4 Bc5 4. Nc3 Nf6 5. O-O O-O 6. d3 d6 7. Bg5 h6 8. Bxf6
Qxf6 9. Nd5 Qg6 10. g3 Bh3 11. Re1 Nb4 12. Ne7+ Kh7 13. Nxg6 fxg6 14. a3 Bg4
15. Qd2 Rxf3 16. Kh1 Rxf2 17. Qc3 Bf3+ 18. Kg1 Rxc2+ 19. Kf1 Bg2# 0-1

[Event "NAYCC U08 w"]
[Site "Windsor CAN"]
[Date "2016.08.10"]
[Round "6.180"]
[White "Ai, Amy"]
[Black "Wen, Kally"]
[Result "0-1"]
[WhiteElo "605"]
[BlackElo "1090"]
[PlyCount "136"]
[EventDate "2016.08.07"]
[EventType "swiss"]
[EventRounds "9"]
[EventCountry "CAN"]

1. e4 e5 2. Nf3 Nc6 3. Bc4 Bc5 4. O-O Nf6 5. Nc3 O-O 6. d3 h6 7. Be3 Bxe3 8.
fxe3 d6 9. Qd2 Bg4 10. Nd5 Nxd5 11. Bxd5 Qf6 12. Ne1 Qe7 13. d4 Qg5 14. c3 Na5
15. Nd3 c6 16. Bb3 Nxb3 17. axb3 exd4 18. cxd4 Be6 19. b4 a6 20. Rae1 Bc4 21.
Qc3 Qb5 22. Rd1 Rae8 23. b3 Bxd3 24. Rxd3 Rxe4 25. Rdd1 Qg5 26. Rde1 Rfe8 27.
Rf3 R8e6 28. Qd2 Rf6 29. Rxf6 Qxf6 30. Rf1 Qe6 31. Rf3 Qxb3 32. Kf2 Qe6 33. Rf4
Rxf4+ 34. exf4 Kf8 35. Qe3 Qxe3+ 36. Kxe3 Ke7 37. Kd3 Ke6 38. Kc4 b6 39. g4 g5
40. f5+ Kf6 41. d5 b5+ 42. Kd4 cxd5 43. Kxd5 Ke7 44. Kc6 a5 45. Kxb5 axb4 46.
Kxb4 Kf6 47. Kc4 Ke5 48. h3 Ke4 49. Kc3 d5 50. Kd2 Kd4 51. f6 Ke5 52. Ke3 Kxf6
53. Kd4 Ke6 54. Kd3 Ke5 55. Ke3 d4+ 56. Kd3 Kd5 57. Kd2 Kc4 58. Kc2 d3+ 59. Kd2
Kd4 60. h4 gxh4 61. g5 hxg5 62. Kd1 h3 63. Ke1 h2 64. Kf2 h1=Q 65. Kg3 d2 66.
Kf2 d1=Q 67. Kg3 Qdf1 68. Kg4 Qf4# 0-1

[Event "NAYCC U08 w"]
[Site "Windsor CAN"]
[Date "2016.08.10"]
[Round "7.176"]
[White "Qu, Greta"]
[Black "Velea, Sophie"]
[Result "0-1"]
[WhiteElo "773"]
[BlackElo "1276"]
[PlyCount "134"]
[EventDate "2016.08.07"]
[EventType "swiss"]
[EventRounds "9"]
[EventCountry "CAN"]

1. e4 c5 2. c3 g6 3. d4 cxd4 4. cxd4 Bg7 5. Nf3 Nc6 6. Bc4 e6 7. O-O Nge7 8.
Bf4 d5 9. exd5 exd5 10. Bb5 O-O 11. Nc3 Bg4 12. Be3 Bxf3 13. gxf3 Nf5 14. Ne2
Re8 15. Qd2 Qe7 16. Bxc6 bxc6 17. Rac1 Nh4 18. Qd3 Nxf3+ 19. Kg2 Nh4+ 20. Kh1
Nf5 21. Rxc6 Nxe3 22. fxe3 Qxe3 23. Qxe3 Rxe3 24. Re1 Rae8 25. Rc2 Bf6 26. Kg2
Bh4 27. Rec1 Rxe2+ 28. Kf1 Rxc2 29. Rxc2 Bf6 30. Rd2 Rc8 31. b3 Re8 32. Rc2
Bxd4 33. Rc7 Bb6 34. Rd7 Rd8 35. Re7 Kf8 36. Re1 Rc8 37. Rd1 d4 38. Ke2 Rc2+
39. Kd3 Rxh2 40. a4 Rb2 41. Kc4 Rc2+ 42. Kd3 Rc3+ 43. Ke2 Rxb3 44. Kd2 Ra3 45.
Kc2 Rxa4 46. Kb3 Ra5 47. Kc2 Rd5 48. Kd3 Re5 49. Kc4 Re3 50. Kd5 d3 51. Kc4 Ba5
52. Kb5 Bb6 53. Kc4 Re4+ 54. Kd5 Rd4+ 55. Ke5 d2 56. Kf6 Ba5 57. Ke5 Rc4 58.
Ra1 Rc1 59. Rxa5 d1=Q 60. Rxa7 Qe2+ 61. Kd4 Rd1+ 62. Kc3 Qd2+ 63. Kb3 Qd3+ 64.
Kb4 Rc1 65. Ra8+ Kg7 66. Ka4 Rb1 67. Ka5 Qb5# 0-1

[Event "NAYCC U08 w"]
[Site "Windsor CAN"]
[Date "2016.08.10"]
[Round "7.177"]
[White "Nguyen, Chance"]
[Black "Yu, Sophia"]
[Result "1/2-1/2"]
[WhiteElo "1232"]
[BlackElo "723"]
[PlyCount "57"]
[EventDate "2016.08.07"]
[EventType "swiss"]
[EventRounds "9"]
[EventCountry "CAN"]

1. e4 c5 2. Nf3 Nc6 3. d4 cxd4 4. Nxd4 Nf6 5. Nc3 e6 6. Bg5 Be7 7. Bc4 d5 8.
Bxf6 Bxf6 9. Bb5 Qb6 10. Bxc6+ bxc6 11. Nb3 Bxc3+ 12. bxc3 dxe4 13. O-O O-O 14.
Qd4 Qxd4 15. Nxd4 Bd7 16. Rfe1 f5 17. Rad1 Rad8 18. Rd2 e5 19. Nb3 Be6 20. Rxd8
Rxd8 21. Na5 Bxa2 22. Nxc6 Rd2 23. Ne7+ Kf7 24. Nxf5 Rxc2 25. Nd6+ Kg6 26. Nxe4
Bd5 27. Nd6 a6 28. Ra1 Rxc3 29. h3 1/2-1/2